[Event "EYCC Open-U16 2019"]
[Site "Bratislava"]
[Date "2019.08.09"]
[Round "8.46"]
[White "Grutter, Tim"]
[Black "Velkovski, Kristijan"]
[Result "1-0"]
[WhiteElo "2091"]
[BlackElo "1953"]
[Annotator "NA"]
[PlyCount "67"]
[EventDate "2019.08.02"]
[EventType "swiss"]
[EventCountry "SVK"]
[SourceTitle "playchess.com"]
[Source "ChessBase"]
[SourceQuality "1"]
[TimeControl "40/5400+30:1800+30"]

1. e4 {[%emt 0:00:00]} e5 {[%emt 0:00:00]} 2. Nf3 {[%emt 0:00:00]} Nc6 {[%emt 0:00:00]} 3. Bc4 {[%emt 0:00:00]} Bc5 {[%emt 0:00:00]} 4. d3 {[%emt 0:00:03]} Nf6 {[%emt 0:00:00]} 5. O-O {[%emt 0:00:07]} d6 {[%emt 0:00:14]} 6. c3 {[%emt 0:00:04]} a6 {[%emt 0:00:15]} 7. Bb3 {[%emt 0:00:23]} Ba7 {[%emt 0:00:11]} 8. Nbd2 {[%emt 0:00:04]} O-O {[%emt 0:01:55]} 9. h3 {[%emt 0:00:07]} h6 {[%emt 0:00:05]} 10. Re1 {[%emt 0:00:04]} Nh5 {[%emt 0:04:53]} 11. Nf1 {[%emt 0:00:46]} Qf6 {[%emt 0:00:25]} 12. Be3 {[%emt 0:00:09]} Nf4 {[%emt 0:03:09]} 13. d4 {[%emt 0:02:41]} Ne7 {[%emt 0:05:59]} 14. Ng3 {[%emt 0:01:52]} Neg6 {[%emt 0:00:47]} 15. Bc2 {[%emt 0:01:52]} Re8 {[%emt 0:05:56]} 16. Nf5 {[%emt 0:06:54]} Bxf5 {[%emt 0:20:18]} 17. exf5 {[%emt 0:00:06]} Ne7 {[%emt 0:00:51]} 18. dxe5 {[%emt 0:02:09]} dxe5 {[%emt 0:00:41]} 19. Bxa7 {[%emt 0:01:02]} Rxa7 {[%emt 0:00:25]} 20. Rxe5 {[%emt 0:09:15]} Raa8 {[%emt 0:01:41]} 21. Qd2 {[%emt 0:09:00]} Ned5 {[%emt 0:02:25]} 22. Rxd5 {[%emt 0:02:17]} Nxd5 {[%emt 0:00:08]} 23. Qxd5 {[%emt 0:00:07]} c6 {[%emt 0:01:00]} 24. Qc4 {[%emt 0:10:38]} Re7 {[%emt 0:01:39]} 25. Rd1 {[%emt 0:03:50]} Rae8 {[%emt 0:01:52]} 26. Qf4 {[%emt 0:02:15]} Re2 {[%emt 0:03:12]} 27. Rd6 {[%emt 0:02:54]} R2e6 {[%emt 0:02:55]} 28. Rxe6 {[%emt 0:01:06]} fxe6 {[%emt 0:00:24]} 29. Qe3 {[%emt 0:03:00]} Kh8 {[%emt 0:01:49]} 30. Nd4 {[%emt 0:01:18]} e5 {[%emt 0:00:43]} 31. Ne6 {[%emt 0:00:09]} Re7 {[%emt 0:00:58]} 32. Qa7 {[%emt 0:01:03]} Rf7 {[%emt 0:00:58]} 33. Qb8+ {[%emt 0:00:43]} Kh7 {[%emt 0:00:10]} 34. Qe8 {[%emt 0:00:36]} 1-0

[Event "EYCC Open-U16 2019"]
[Site "Bratislava"]
[Date "2019.08.09"]
[Round "8.47"]
[White "Ampelakiotis, Stavros"]
[Black "Sanger, Jake M"]
[Result "1/2-1/2"]
[WhiteElo "2080"]
[BlackElo "1867"]
[Annotator "NA"]
[PlyCount "115"]
[EventDate "2019.08.02"]
[EventType "swiss"]
[EventCountry "SVK"]
[SourceTitle "playchess.com"]
[Source "ChessBase"]
[SourceQuality "1"]
[TimeControl "40/5400+30:1800+30"]

1. e4 {[%emt 0:00:00]} e6 {[%emt 0:00:00]} 2. d4 {[%emt 0:00:00]} d5 {[%emt 0:00:00]} 3. Nd2 {[%emt 0:00:00]} Nf6 {[%emt 0:00:00]} 4. e5 {[%emt 0:00:00]} Nfd7 {[%emt 0:00:00]} 5. Bd3 {[%emt 0:00:00]} c5 {[%emt 0:00:00]} 6. c3 {[%emt 0:00:06]} Nc6 {[%emt 0:00:00]} 7. Ne2 {[%emt 0:00:08]} cxd4 {[%emt 0:00:00]} 8. cxd4 {[%emt 0:00:06]} f6 {[%emt 0:00:02]} 9. exf6 {[%emt 0:00:06]} Nxf6 {[%emt 0:00:07]} 10. O-O {[%emt 0:00:10]} Bd6 {[%emt 0:00:07]} 11. Nf3 {[%emt 0:00:07]} Qc7 {[%emt 0:00:05]} 12. g3 {[%emt 0:00:43]} O-O {[%emt 0:00:11]} 13. Bf4 {[%emt 0:00:06]} Bd7 {[%emt 0:01:20]} 14. Re1 {[%emt 0:02:00]} Be8 {[%emt 0:16:43]} 15. Bxd6 {[%emt 0:04:58]} Qxd6 {[%emt 0:00:04]} 16. Nf4 {[%emt 0:00:49]} Bf7 {[%emt 0:00:49]} 17. Ne5 {[%emt 0:05:32]} Rae8 {[%emt 0:09:39]} 18. Bb5 {[%emt 0:11:22]} Nd7 {[%emt 0:13:16]} 19. Nxd7 {[%emt 0:04:23]} Qxd7 {[%emt 0:00:06]} 20. Rc1 {[%emt 0:00:34]} Rc8 {[%emt 0:12:49]} 21. Qa4 {[%emt 0:09:37]} a6 {[%emt 0:04:48]} 22. Bxc6 {[%emt 0:00:25]} Rxc6 {[%emt 0:00:10]} 23. Rxc6 {[%emt 0:00:46]} Qxc6 {[%emt 0:00:05]} 24. Qxc6 {[%emt 0:02:47]} bxc6 {[%emt 0:00:04]} 25. Kf1 {[%emt 0:10:48]} Rb8 {[%emt 0:03:00]} 26. b3 {[%emt 0:04:17]} Rb4 {[%emt 0:05:17]} 27. Rc1 {[%emt 0:11:24]} g5 {[%emt 0:02:13]} 28. Ne2 {[%emt 0:04:21]} Be8 {[%emt 0:00:32]} 29. f4 {[%emt 0:11:17]} gxf4 {[%emt 0:04:30]} 30. gxf4 {[%emt 0:00:08]} a5 {[%emt 0:03:40]} 31. Rc3 {[%emt 0:04:11]} a4 {[%emt 0:05:18]} 32. bxa4 {[%emt 0:00:06]} Rxa4 {[%emt 0:00:08]} 33. a3 {[%emt 0:00:02]} Bh5 {[%emt 0:03:35]} 34. Rd3 {[%emt 0:07:47]} Rc4 {[%emt 0:05:31]} 35. Ke1 {[%emt 0:04:22]} Bxe2 {[%emt 0:04:43]} 36. Kxe2 {[%emt 0:00:04]} Rc2+ {[%emt 0:00:50]} 37. Rd2 {[%emt 0:00:41]} Rc3 {[%emt 0:01:08]} 38. Ra2 {[%emt 0:03:38]} Rh3 {[%emt 0:00:05]} 39. Ke1 {[%emt 0:00:26]} Re3+ {[%emt 0:02:33]} 40. Kf2 {[%emt 0:00:00]} Rh3 {[%emt 0:00:00]} 41. Kg2 {[%emt 0:11:51]} Rd3 {[%emt 0:16:58]} 42. Rc2 {[%emt 0:07:17]} Rxd4 {[%emt 0:01:17]} 43. Rxc6 {[%emt 0:00:04]} Kf7 {[%emt 0:05:49]} 44. Rc7+ {[%emt 0:02:54]} Kf6 {[%emt 0:05:15]} 45. Rxh7 {[%emt 0:06:56]} Rxf4 {[%emt 0:00:09]} 46. Rh3 {[%emt 0:00:07]} Ra4 {[%emt 0:01:09]} 47. Rf3+ {[%emt 0:01:23]} Kg5 {[%emt 0:01:13]} 48. Re3 {[%emt 0:00:45]} Kf5 {[%emt 0:00:30]} 49. Rf3+ {[%emt 0:00:56]} Ke4 {[%emt 0:00:49]} 50. h4 {[%emt 0:00:54]} d4 {[%emt 0:01:37]} 51. Kf2 {[%emt 0:01:42]} e5 {[%emt 0:03:02]} 52. h5 {[%emt 0:00:37]} d3 {[%emt 0:01:05]} 53. Rh3 {[%emt 0:02:08]} Rxa3 {[%emt 0:00:10]} 54. Rh4+ {[%emt 0:00:34]} Kf5 {[%emt 0:00:35]} 55. h6 {[%emt 0:00:30]} Ra8 {[%emt 0:00:05]} 56. h7 {[%emt 0:00:29]} Rh8 {[%emt 0:00:09]} 57. Ke3 {[%emt 0:00:21]} Kg6 {[%emt 0:02:12]} 58. Ke4 1/2-1/2

[Event "EYCC Open-U16 2019"]
[Site "Bratislava"]
[Date "2019.08.09"]
[Round "8.48"]
[White "Holly, Andrej"]
[Black "Keprt, Tomas"]
[Result "1-0"]
[WhiteElo "2046"]
[BlackElo "1438"]
[Annotator "NA"]
[PlyCount "85"]
[EventDate "2019.08.02"]
[EventType "swiss"]
[EventCountry "SVK"]
[SourceTitle "playchess.com"]
[Source "ChessBase"]
[SourceQuality "1"]
[TimeControl "40/5400+30:1800+30"]

1. e4 {[%emt 0:00:00]} c5 {[%emt 0:00:00]} 2. Nf3 {[%emt 0:00:00]} Nc6 {[%emt 0:00:00]} 3. Nc3 {[%emt 0:00:10]} g6 {[%emt 0:00:05]} 4. d4 {[%emt 0:00:09]} cxd4 {[%emt 0:00:06]} 5. Nxd4 {[%emt 0:00:02]} Bg7 {[%emt 0:00:09]} 6. Be3 {[%emt 0:00:53]} Nf6 {[%emt 0:00:23]} 7. Bc4 {[%emt 0:00:21]} O-O {[%emt 0:00:25]} 8. Bb3 {[%emt 0:00:19]} d6 {[%emt 0:02:55]} 9. f3 {[%emt 0:00:56]} Bd7 {[%emt 0:00:38]} 10. Qd2 {[%emt 0:00:10]} Re8 {[%emt 0:00:22]} 11. O-O-O {[%emt 0:02:37]} a6 {[%emt 0:02:36]} 12. h4 {[%emt 0:12:07]} h5 {[%emt 0:02:51]} 13. Nxc6 {[%emt 0:08:56]} bxc6 {[%emt 0:04:40]} 14. Bh6 {[%emt 0:02:40]} Bh8 {[%emt 0:00:35]} 15. g4 {[%emt 0:04:46]} Qa5 {[%emt 0:20:45]} 16. gxh5 {[%emt 0:05:14]} Qxh5 {[%emt 0:00:36]} 17. Rdg1 {[%emt 0:03:45]} Bg7 {[%emt 0:03:15]} 18. Bxg7 {[%emt 0:13:24]} Kxg7 {[%emt 0:00:05]} 19. Qf2 {[%emt 0:02:50]} Rh8 {[%emt 0:02:53]} 20. Ne2 {[%emt 0:03:58]} Qh6+ {[%emt 0:09:30]} 21. Kb1 {[%emt 0:00:31]} Qd2 {[%emt 0:01:36]} 22. Rd1 {[%emt 0:07:10]} Qb4 {[%emt 0:05:41]} 23. a3 {[%emt 0:00:48]} Qb5 {[%emt 0:00:31]} 24. Rdg1 {[%emt 0:06:35]} c5 {[%emt 0:08:22]} 25. Nc3 {[%emt 0:03:46]} Qa5 {[%emt 0:04:59]} 26. Qg2 {[%emt 0:03:14]} Rab8 {[%emt 0:03:21]} 27. Bxf7 {[%emt 0:11:35]} Kxf7 {[%emt 0:03:33]} 28. Qxg6+ {[%emt 0:00:01]} Ke6 {[%emt 0:00:14]} 29. Qf5+ {[%emt 0:00:02]} Kf7 {[%emt 0:00:30]} 30. Qg6+ {[%emt 0:00:00]} Ke6 {[%emt 0:00:14]} 31. Nd5 {[%emt 0:04:19]} Rhg8 {[%emt 0:14:22]} 32. Nf4+ {[%emt 0:00:17]} Ke5 {[%emt 0:00:12]} 33. Qh6 {[%emt 0:03:56]} Qb5 {[%emt 0:05:23]} 34. Rg5+ {[%emt 0:00:40]} Kd4 {[%emt 0:02:46]} 35. Rd1+ {[%emt 0:00:21]} Ke3 {[%emt 0:01:32]} 36. Nd5+ {[%emt 0:00:42]} Kf2 {[%emt 0:00:50]} 37. Rg2+ {[%emt 0:00:45]} Rxg2 {[%emt 0:00:31]} 38. Qe3+ {[%emt 0:00:24]} Kg3 {[%emt 0:00:32]} 39. Qf4+ {[%emt 0:00:18]} Kf2 {[%emt 0:00:24]} 40. Qe3+ {[%emt 0:00:00]} Kg3 {[%emt 0:00:00]} 41. Qf4+ {[%emt 0:20:47]} Kf2 {[%emt 0:00:16]} 42. Rd2+ {[%emt 0:07:04]} Ke1 {[%emt 0:02:09]} 43. Qe3+ {[%emt 0:00:25]} 1-0

[Event "EYCC Open-U16 2019"]
[Site "Bratislava"]
[Date "2019.08.10"]
[Round "9.1"]
[White "Van Dael, Siem"]
[Black "Barseghyan, Armen Ar."]
[Result "1/2-1/2"]
[WhiteElo "2319"]
[BlackElo "2313"]
[Annotator "NA"]
[PlyCount "115"]
[EventDate "2019.08.02"]
[EventType "swiss"]
[EventCountry "SVK"]
[SourceTitle "playchess.com"]
[Source "ChessBase"]
[SourceQuality "1"]
[TimeControl "40/5400+30:1800+30"]

1. e4 {[%emt 0:00:00]} c5 {[%emt 0:00:34]} 2. Nf3 {[%emt 0:00:00]} Nc6 {[%emt 0:00:16]} 3. d4 {[%emt 0:00:00]} cxd4 {[%emt 0:00:04]} 4. Nxd4 {[%emt 0:00:00]} g6 {[%emt 0:00:15]} 5. c4 {[%emt 0:00:05]} Nf6 {[%emt 0:00:13]} 6. Nc3 {[%emt 0:00:51]} d6 {[%emt 0:00:20]} 7. Be2 {[%emt 0:01:28]} Nxd4 {[%emt 0:00:33]} 8. Qxd4 {[%emt 0:00:09]} Bg7 {[%emt 0:00:04]} 9. Be3 {[%emt 0:16:36]} O-O {[%emt 0:00:07]} 10. Qd2 {[%emt 0:00:05]} a5 {[%emt 0:00:12]} 11. f3 {[%emt 0:00:17]} a4 {[%emt 0:00:22]} 12. O-O {[%emt 0:01:07]} Qa5 {[%emt 0:00:51]} 13. Qc2 {[%emt 0:03:11]} Be6 {[%emt 0:10:44]} 14. Nb5 {[%emt 0:01:07]} Rfc8 {[%emt 0:04:34]} 15. Nd4 {[%emt 0:06:16]} b5 {[%emt 0:28:57]} 16. b4 {[%emt 0:06:52]} axb3 {[%emt 0:06:53]} 17. axb3 {[%emt 0:01:29]} Qxa1 {[%emt 0:01:42]} 18. Rxa1 {[%emt 0:00:05]} Rxa1+ {[%emt 0:00:04]} 19. Kf2 {[%emt 0:00:08]} Bd7 {[%emt 0:03:58]} 20. Qd2 {[%emt 0:11:32]} bxc4 {[%emt 0:10:39]} 21. Bxc4 {[%emt 0:00:17]} e6 {[%emt 0:00:25]} 22. Ne2 {[%emt 0:05:55]} d5 {[%emt 0:02:33]} 23. Bd4 {[%emt 0:03:24]} Raa8 {[%emt 0:00:59]} 24. exd5 {[%emt 0:09:55]} exd5 {[%emt 0:03:06]} 25. Bxd5 {[%emt 0:05:37]} Nxd5 {[%emt 0:02:53]} 26. Bxg7 {[%emt 0:00:06]} Kxg7 {[%emt 0:01:33]} 27. Qxd5 {[%emt 0:00:06]} Rd8 {[%emt 0:02:40]} 28. Qe5+ {[%emt 0:01:29]} Kg8 {[%emt 0:00:24]} 29. Nc3 {[%emt 0:00:25]} Bc6 {[%emt 0:05:06]} 30. b4 {[%emt 0:02:13]} Rd3 {[%emt 0:02:19]} 31. Qc5 {[%emt 0:04:37]} Bb7 {[%emt 0:06:15]} 32. Nb5 {[%emt 0:08:31]} Rad8 {[%emt 0:03:22]} 33. Qb6 {[%emt 0:00:44]} Bc8 {[%emt 0:01:10]} 34. Na7 {[%emt 0:01:37]} Be6 {[%emt 0:00:49]} 35. Nc6 {[%emt 0:00:16]} R8d7 {[%emt 0:00:46]} 36. b5 {[%emt 0:01:29]} Rb3 {[%emt 0:00:42]} 37. Kg3 {[%emt 0:06:41]} h5 {[%emt 0:01:25]} 38. h4 {[%emt 0:03:03]} Kh7 {[%emt 0:00:31]} 39. Qb8 {[%emt 0:00:46]} Bd5 {[%emt 0:00:37]} 40. Qc8 {[%emt 0:00:00]} Be6 {[%emt 0:00:00]} 41. Qb8 {[%emt 0:03:42]} Bd5 {[%emt 0:08:24]} 42. Na5 {[%emt 0:04:34]} Rb1 {[%emt 0:03:05]} 43. Qb6 {[%emt 0:01:02]} Be6 {[%emt 0:03:44]} 44. Nc6 {[%emt 0:04:57]} Bc4 {[%emt 0:02:12]} 45. Qc5 {[%emt 0:04:17]} Bxb5 {[%emt 0:02:07]} 46. Ne5 {[%emt 0:00:37]} Ba4 {[%emt 0:05:05]} 47. Qa5 {[%emt 0:10:02]} Re7 {[%emt 0:00:30]} 48. Nc4 {[%emt 0:00:21]} Bb3 {[%emt 0:01:23]} 49. Nd6 {[%emt 0:02:44]} Rd1 {[%emt 0:01:29]} 50. Nc8 {[%emt 0:00:50]} Re8 {[%emt 0:00:55]} 51. Nb6 {[%emt 0:00:44]} Rb8 {[%emt 0:00:17]} 52. Qa7 {[%emt 0:00:48]} Rxb6 {[%emt 0:00:18]} 53. Qxb6 {[%emt 0:00:05]} Be6 {[%emt 0:00:11]} 54. Kf4 {[%emt 0:00:13]} Rd5 {[%emt 0:01:36]} 55. g4 {[%emt 0:00:16]} Kg7 {[%emt 0:00:53]} 56. Qb2+ {[%emt 0:00:50]} Kh7 {[%emt 0:00:08]} 57. Qf6 {[%emt 0:00:38]} Rb5 {[%emt 0:00:59]} 58. Qe7 {[%emt 0:01:09]} 1/2-1/2

[Event "EYCC Open-U16 2019"]
[Site "Bratislava"]
[Date "2019.08.10"]
[Round "9.2"]
[White "Subelj, Jan"]
[Black "Tsoi, Dmitry"]
[Result "0-1"]
[WhiteElo "2425"]
[BlackElo "2314"]
[Annotator "TA"]
[PlyCount "114"]
[EventDate "2019.08.02"]
[EventType "swiss"]
[EventCountry "SVK"]
[SourceTitle "playchess.com"]
[Source "ChessBase"]
[SourceQuality "1"]

{[%evp 9,114,45,51,38,50,50,50,50,61,41,56,47,71,67,71,81,80,77,114,112,95,83,91,51,47,50,49,32,70,56,62,-21,-25,-25,-23,-36,289,181,176,184,184,183,186,64,63,52,55,54,77,70,83,0,0,15,17,-162,-149,-200,-181,-187,-178,-231,-160,-170,-165,-165,-128,-166,-156,-132,-154,-211,-205,-214,-214,-195,-202,-274,-262,-558,-556,-591,-541,-541,-470,-1042,-1036,-914,-914,-616,-607,-628,-612,-995,-603,-5030,-4922,-29990,-29991,-29991,-29990,-29995,-29995,-29996,-29997,-29997,-29998]} 1. e4 d6 2. d4 Nf6 3. Bd3 e5 4. c3 Be7 5. Nf3 Nbd7 6. Nbd2 {[%cal Bb1d2,Bd2f1,Bf1g3,Bg3f5][%mdl 32] B07: Pirc Defence: Miscellaneous Systems} (6. O-O O-O 7. Re1 Re8 8. Nbd2 Bf8 9. Nf1 b6 10. Ng3 Bb7 11. h3 g6 12. Bg5 h6 13. Bd2 Bg7 14. Qc2 Rc8 15. Rad1 exd4 16. cxd4 {0-1 (85) Alekseev,E (2616)-Khismatullin,D (2632) Riadh 2017}) 6... c6 7. O-O O-O 8. Re1 {White is slightly better.} a6 9. Nf1 b5 10. Ng3 Qc7 $146 ({Predecessor:} 10... g6 11. Bh6 Re8 12. h3 Bf8 13. Be3 Bb7 14. Bc2 Bg7 15. Qd2 exd4 16. cxd4 {½-½ (84) Chudinovskih,A (2314)-Danielsen,H (2494) Rijeka 2010}) 11. a4 {[%cal Ba2a4,Ba4a5][%mdl 32]} Nb6 12. a5 {Threatens to win with dxe5.} Nbd7 13. Nf5 Nb8 14. N3h4 Ne8 15. f4 Bf6 16. g4 Bxh4 17. Nxh4 c5 $1 18. g5 cxd4 19. cxd4 Qa7 20. Be3 (20. fxe5 dxe5 21. Be3 exd4 $11) (20. Qc2 $14 Bd7 21. Kg2 (21. fxe5 dxe5 22. Nf5 Nc6 $11)) 20... exf4 $1 $11 21. Bf2 Qe7 $1 22. Qh5 h6 $2 {[%mdl 8192]} (22... g6 $15 {stays ahead.} 23. Qf3 (23. Qh6 Nc6 $15) 23... Qxg5+ 24. Ng2 Nc6) 23. gxh6 g6 24. Qf3 Qg5+ 25. Ng2 Bb7 26. Bh4 (26. Qxf4 $18 Qxf4 27. Nxf4) 26... Qxh6 $14 27. Be7 Nc6 28. Bxf8 Kxf8 29. Nxf4 Nxd4 30. Qe3 ({White should play} 30. Qf2 $16) 30... Qg5+ $11 31. Kh1 Qe5 32. Rg1 $2 {[#]} (32. Nd5 $11 {and White is okay.}) 32... Nf6 $1 $19 {[%cal Rf6e4]} 33. Rae1 (33. Nxg6+ $17 fxg6 34. Rxg6 (34. Qh6+ $2 Ke7 $19)) 33... Re8 {[%cal Rf6e4]} 34. Nxg6+ fxg6 35. Rxg6 (35. Qh6+ {was called for.} Kf7 36. Qxg6+ Ke6 37. Ref1 (37. Rg5 $2 Qf4 $19) 37... Bxe4+ 38. Bxe4 Qxe4+ 39. Rg2 Qxg6 40. Rxg6) 35... Bxe4+ 36. Bxe4 Qxe4+ $40 {[%mdl 128] Black has strong attack.} 37. Qxe4 Nxe4 38. Rf1+ Ke7 39. Rf4 Kd7 40. Rg7+ (40. h4 $17 Re5 41. Rg7+ Ke6 42. Ra7) 40... Kc6 {And now ...Ne6 would win.} 41. Ra7 Ne2 42. Rxa6+ Kc5 43. Rf5+ Kd4 {aiming for ...Rg8.} 44. Kg2 $2 (44. Rf3) 44... Rg8+ 45. Kh3 Ke3 46. Ra7 Nf4+ 47. Kh4 (47. Rxf4 $142 Kxf4 48. Rf7+ Ke3 49. Rf5) 47... Kf3 {[%csl Gf3][%cal Rg8g4]} 48. Rxf4+ Kxf4 {[%mdl 4096] Endgame KRN-KR} 49. Rf7+ Ke3 50. Rf5 b4 51. Rb5 Kf4 {...Rh8+ is the strong threat.} 52. Kh5 {[#]} d5 $1 {( -> ...Nf6+)} 53. Rxb4 (53. Rxd5 Nf6+) 53... Kf5 {[%cal Rg8h8] Black mates.} 54. Rb6 Nf6+ 55. Kh4 Rg4+ 56. Kh3 Ne4 {[%cal Re4g5]} 57. Rf6+ Nxf6 {Accuracy: White = 43%, Black = 77%.} 0-1

[Event "EYCC Open-U16 2019"]
[Site "Bratislava"]
[Date "2019.08.10"]
[Round "9.3"]
[White "Juksta, Karolis"]
[Black "Sahidi, Samir"]
[Result "0-1"]
[WhiteElo "2261"]
[BlackElo "2369"]
[Annotator "NA"]
[PlyCount "74"]
[EventDate "2019.08.02"]
[EventType "swiss"]
[EventCountry "SVK"]
[SourceTitle "playchess.com"]
[Source "ChessBase"]
[SourceQuality "1"]
[TimeControl "40/5400+30:1800+30"]

1. d4 {[%emt 0:00:00]} Nf6 {[%emt 0:00:46]} 2. c4 {[%emt 0:00:00]} e6 {[%emt 0:01:16]} 3. Nc3 {[%emt 0:00:00]} Bb4 {[%emt 0:00:40]} 4. e3 {[%emt 0:00:52]} O-O {[%emt 0:03:38]} 5. Nge2 {[%emt 0:00:22]} d5 {[%emt 0:00:53]} 6. a3 {[%emt 0:00:14]} Bxc3+ {[%emt 0:02:47]} 7. Nxc3 {[%emt 0:02:12]} b6 {[%emt 0:01:30]} 8. Bd3 {[%emt 0:16:19]} Ba6 {[%emt 0:05:46]} 9. Qe2 {[%emt 0:10:39]} Nbd7 {[%emt 0:04:13]} 10. O-O {[%emt 0:03:55]} Re8 {[%emt 0:15:34]} 11. e4 {[%emt 0:26:40]} dxe4 {[%emt 0:23:34]} 12. Nxe4 {[%emt 0:00:22]} e5 {[%emt 0:03:29]} 13. Nxf6+ {[%emt 0:21:04]} Qxf6 {[%emt 0:01:41]} 14. Qg4 {[%emt 0:02:16]} Qd6 {[%emt 0:05:31]} 15. Be3 {[%emt 0:02:44]} c5 {[%emt 0:08:26]} 16. d5 {[%emt 0:05:26]} e4 {[%emt 0:01:06]} 17. Be2 {[%emt 0:00:05]} Ne5 {[%emt 0:00:44]} 18. Bf4 {[%emt 0:01:45]} Qf6 {[%emt 0:02:14]} 19. Bxe5 {[%emt 0:02:03]} Qxe5 {[%emt 0:02:02]} 20. b4 {[%emt 0:01:39]} f5 {[%emt 0:01:02]} 21. Qg5 {[%emt 0:00:22]} Rad8 {[%emt 0:01:59]} 22. Rae1 {[%emt 0:00:50]} Rd6 {[%emt 0:03:40]} 23. Bh5 {[%emt 0:01:01]} Rf8 {[%emt 0:01:09]} 24. b5 {[%emt 0:00:20]} Bc8 {[%emt 0:00:20]} 25. g3 {[%emt 0:00:39]} Qd4 {[%emt 0:01:09]} 26. Qf4 {[%emt 0:00:33]} Rdf6 {[%emt 0:01:12]} 27. Be2 {[%emt 0:00:29]} Qb2 {[%emt 0:00:45]} 28. a4 {[%emt 0:00:32]} h6 {[%emt 0:00:44]} 29. h4 {[%emt 0:00:11]} Qa2 {[%emt 0:00:57]} 30. h5 {[%emt 0:00:52]} Qxa4 {[%emt 0:00:26]} 31. Qd2 {[%emt 0:00:31]} f4 {[%emt 0:01:00]} 32. gxf4 {[%emt 0:00:28]} Rxf4 {[%emt 0:00:34]} 33. Qe3 {[%emt 0:00:32]} Qc2 {[%emt 0:00:49]} 34. Rb1 {[%emt 0:00:30]} Bg4 {[%emt 0:00:27]} 35. Bxg4 Rxg4+ {[%emt 0:00:05]} 36. Kh2 {[%emt 0:00:34]} Qxc4 {[%emt 0:00:31]} 37. f3 {[%emt 0:00:33]} exf3 {[%emt 0:00:38]} 0-1

[Event "EYCC Open-U16 2019"]
[Site "Bratislava"]
[Date "2019.08.10"]
[Round "9.4"]
[White "Globus, Or"]
[Black "Malovanyi, Yulian"]
[Result "1-0"]
[WhiteElo "2352"]
[BlackElo "2204"]
[Annotator "NA"]
[PlyCount "71"]
[EventDate "2019.08.02"]
[EventType "swiss"]
[EventCountry "SVK"]
[SourceTitle "playchess.com"]
[Source "ChessBase"]
[SourceQuality "1"]
[TimeControl "40/5400+30:1800+30"]

1. d4 {[%emt 0:00:00]} Nf6 {[%emt 0:00:00]} 2. c4 {[%emt 0:00:11]} g6 {[%emt 0:00:20]} 3. Nc3 {[%emt 0:00:46]} Bg7 {[%emt 0:00:18]} 4. e4 {[%emt 0:00:39]} d6 {[%emt 0:00:22]} 5. Be2 {[%emt 0:00:43]} O-O {[%emt 0:00:42]} 6. Be3 {[%emt 0:00:14]} c5 {[%emt 0:12:38]} 7. d5 {[%emt 0:01:54]} e6 {[%emt 0:03:00]} 8. Nf3 {[%emt 0:01:27]} Re8 {[%emt 0:08:12]} 9. Nd2 {[%emt 0:06:35]} Na6 {[%emt 0:01:00]} 10. O-O {[%emt 0:04:24]} Nc7 {[%emt 0:00:31]} 11. a4 {[%emt 0:11:49]} Na6 {[%emt 0:10:11]} 12. h3 {[%emt 0:10:55]} Nb4 {[%emt 0:02:03]} 13. e5 {[%emt 0:11:47]} dxe5 {[%emt 0:04:22]} 14. Bxc5 {[%emt 0:01:44]} Na6 {[%emt 0:03:17]} 15. Ba3 {[%emt 0:01:04]} exd5 {[%emt 0:02:27]} 16. cxd5 {[%emt 0:01:04]} Bf8 {[%emt 0:24:12]} 17. Bxf8 {[%emt 0:05:53]} Kxf8 {[%emt 0:01:33]} 18. Nc4 {[%emt 0:01:40]} Nc5 {[%emt 0:05:55]} 19. f4 {[%emt 0:04:54]} e4 {[%emt 0:03:36]} 20. b4 {[%emt 0:02:50]} Na6 {[%emt 0:03:23]} 21. Qd4 {[%emt 0:04:57]} b6 {[%emt 0:01:08]} 22. Ne3 {[%emt 0:02:24]} Bb7 {[%emt 0:03:52]} 23. g4 {[%emt 0:03:35]} Nc7 {[%emt 0:01:55]} 24. Rad1 {[%emt 0:04:04]} Kg8 {[%emt 0:02:53]} 25. g5 {[%emt 0:03:38]} Nd7 {[%emt 0:00:44]} 26. Ng4 {[%emt 0:01:45]} h5 {[%emt 0:01:18]} 27. gxh6 {[%emt 0:00:43]} f6 {[%emt 0:00:14]} 28. f5 {[%emt 0:00:50]} g5 {[%emt 0:00:27]} 29. d6 {[%emt 0:00:51]} Na6 {[%emt 0:00:25]} 30. Bc4+ {[%emt 0:00:35]} Kh8 {[%emt 0:00:21]} 31. Be6 {[%emt 0:00:33]} Nab8 {[%emt 0:00:45]} 32. Nxe4 {[%emt 0:00:55]} Nc6 {[%emt 0:00:17]} 33. Qb2 {[%emt 0:01:05]} Nce5 {[%emt 0:00:59]} 34. Nexf6 {[%emt 0:00:54]} Nxf6 {[%emt 0:00:35]} 35. Qxe5 {[%emt 0:01:39]} Rf8 {[%emt 0:00:08]} 36. Rc1 {[%emt 0:00:30]} 1-0

[Event "EYCC Open-U16 2019"]
[Site "Bratislava"]
[Date "2019.08.10"]
[Round "9.5"]
[White "Pogosyan, Stefan"]
[Black "De Boer, Eelke"]
[Result "1-0"]
[WhiteElo "2334"]
[BlackElo "2279"]
[Annotator "TA"]
[PlyCount "89"]
[EventDate "2019.08.02"]
[EventType "swiss"]
[EventCountry "SVK"]
[SourceTitle "playchess.com"]
[Source "ChessBase"]
[SourceQuality "1"]

{[%evp 17,89,13,62,56,113,97,129,121,109,104,182,203,360,370,381,333,427,415,381,409,379,363,381,339,415,377,380,349,376,386,375,364,396,383,377,295,350,347,354,364,358,343,404,380,453,347,431,435,443,421,415,305,399,402,430,297,457,429,570,567,609,594,704,704,686,689,683,681,1213,693,4731,893,807,743]} 1. d4 Nf6 2. c4 g6 3. Nc3 Bg7 4. e4 d6 5. Be2 O-O 6. Bg5 c5 7. d5 e6 8. Nf3 exd5 9. cxd5 a6 (9... h6 $5 {[%cal Rh6g5]} 10. Bh4 a6 $14) 10. a4 $1 {A72: Modern Benoni: Classical: Lines with Bg5} Qa5 (10... h6 $14 11. Bf4 g5) (10... Bg4 11. O-O Bxf3 12. Bxf3 Nbd7 13. Re1 Re8 14. Qd2 Rc8 15. Bg4 Qc7 16. Bh3 Rb8 17. a5 h5 18. f4 Ng4 19. Bxg4 hxg4 20. e5 dxe5 {½-½ (56) Valgmae,T (2270)-Seeman,T (2403) Puhajarve 2018}) 11. Nd2 $16 Qb4 $146 ({Predecessor:} 11... Nbd7 12. O-O Qc7 13. Nc4 Nb6 14. e5 dxe5 15. d6 Qd8 16. Nxb6 Qxb6 17. Bxf6 Bxf6 {1-0 (40) Dominguez,F (2141)-Torella,R (2016) Montevideo 2018}) 12. Qc2 {White is better.} Nbd7 13. O-O Ne5 (13... Qa5 $16 {is a better defense.} 14. Rfd1 Qc7) 14. h3 $18 Qa5 $2 (14... Nh5 15. g4 (15. Be7 Nf4 $16) 15... f6) 15. f4 Ned7 {[#]} 16. e5 $1 {[%mdl 512]} dxe5 17. fxe5 Ne8 18. Nc4 Qc7 19. d6 Qb8 20. Bf4 b6 21. Bf3 Bb7 22. Qe2 Bxf3 23. Qxf3 Ra7 24. Ra3 Kh8 25. Rb3 Qb7 26. Bg3 Bh6 27. Qxb7 Rxb7 28. Nd5 Ng7 29. Ndxb6 ({Don't take} 29. Ncxb6 Nb8 $18) 29... Nf5 30. Bf2 Re8 31. a5 Nxe5 32. Re1 f6 {If Black can now play ...Rd8 this consolidates a bit.} 33. Nxe5 fxe5 34. Bxc5 Bf8 35. Rd3 Rd8 36. Red1 e4 (36... Kg8 $142 37. g4 Nd4 38. Bxd4 exd4 39. Rxd4 Bg7) 37. Rd5 {White is clearly winning.} Kg7 38. g4 Nh6 39. d7 Bxc5+ 40. Rxc5 Nf7 41. Kf2 Kf6 42. Rc8 Ke5 43. Ke3 {Strongly threatening Rc6.} h5 44. Rf1 (44. Rc6 $142 Rxb6 45. axb6) 44... Ke6 {[#]} 45. Rc6+ {Played: Rf1xf7} 1-0